000 00827naa a22002657a 4500
001 BR7000784
003 BR-BrBNA
005 20240918173414.0
007 ta
008 230509b bl.||||| |||| 00| 0 por d
040 _aBR-BrBNA
_bpor
_cBiblioteca Nacional de Agricultura
041 _a(Pt)
072 _aH20
_b2120
_b4120
090 _aH20 BR7000784
100 1 _aBalmer, E.
245 1 _aFerrugem do cafeeiro - equilibrio entre patogeno e hospedeiro
260 3 _aPiracicaba, SP (Brasil):
_c1970.
500 _aA ferrugem do cafeeiro Piracicaba, SP (Brasil): 1970. p. 40-55 (BR7000784-AM)H20
650 _aCAFE
650 _aFERRUGEM
650 _aFUNGO
773 0 _tA ferrugem do cafeeiro
_aBitancourt, A.A.
_w2120 BR0704753
_g[np], 1970.
_q5 p.
909 _a202404
_bLucia
_c55
_dLucia Elande
942 _cAM
_2AGRIS
999 _c304426
_d304426